¿Creer en Dios hoy? (Record no. 49908)

MARC details
000 -LEADER
campo de control de longitud fija 00668nam a2200205 i 4500
001 - NÚMERO DE CONTROL
campo de control 49908
003 - IDENTIFICADOR DE NÚMERO DE CONTROL
campo de control ES-MaACL
005 - FECHA Y HORA DE LA ÚLTIMA TRANSACCIÓN
campo de control 20230906162101.0
007 - CAMPO FIJO DE DESCRIPCIÓN FÍSICA--INFORMACIÓN GENERAL
campo de control de longitud fija t|
008 - DATOS DE LONGITUD FIJA--INFORMACIÓN GENERAL
campo de control de longitud fija 030725s1969 sp ||||1| spa d
245 00 - MENCIÓN DEL TÍTULO
Título ¿Creer en Dios hoy?
Resto del título : 7 respuestas cristianas /
Mención de responsabilidad, etc. M. Didier ... [et al.] ; [traducción de Guillermo Gutiérrez].
260 ## - PUBLICACIÓN, DISTRIBUCIÓN, ETC.
Lugar de publicación, distribución, etc. Santander :
Nombre del editor, distribuidor, etc. Sal Terrae,
Fecha de publicación, distribución, etc. [1969]
300 ## - DESCRIPCIÓN FÍSICA
Extensión 194 p. ;
Dimensiones 22 cm.
490 1# - MENCIÓN DE SERIE
Mención de serie Teología y mundo actual ;
Designación de volumen o secuencia 17
700 1# - ENTRADA AGREGADA--NOMBRE PERSONAL
Nombre de persona Didier, M.
9 (RLIN) 44518
700 1# - ENTRADA AGREGADA--NOMBRE PERSONAL
Nombre de persona Gutiérrez, Guillermo.
9 (RLIN) 61054
830 0# - PUNTO DE ACCESO ADICIONAL DE SERIE-TÍTULO UNIFORME
Título uniforme Teología y mundo actual ;
Designación de volumen o secuencia 17
9 (RLIN) 182301
852 ## - LOCALIZACIÓN
Ubicación ES-MaACL
Número de control de estantería C-48471
Sublocalización o colección R.72468
Holdings
Estatus retirado Estado de pérdida Estado de daño No para préstamo Biblioteca de origen Biblioteca actual Ubicación en estantería Fecha de adquisición Fuente de adquisición Total de préstamos Signatura topográfica completa Código de barras Visto por última vez Precio de reemplazo Tipo de ítem Koha
        Biblioteca del Ateneo de Madrid Biblioteca del Ateneo de Madrid Depósito 2 17/01/2008     C-48471 1052505 23/02/2023 23/02/2023 Libro impreso